| 000 | 00501pab a2200181 454500 | ||
|---|---|---|---|
| 008 | 180718b2010 xxu||||| |||| 00| 0 eng d | ||
| 100 | _aPur, Kripa Ananth | ||
| 245 | _aAmbiguous institutions: traditional governance and local democracy in rural South India | ||
| 260 | _c2010 | ||
| 300 | _ap.603-23. | ||
| 362 | _aApr | ||
| 650 | _aLocal government - India | ||
| 650 | _aLocal government | ||
| 700 | _aMoore, Mick | ||
| 773 | _aJournal of Development Studies | ||
| 908 | _aN | ||
| 909 | _a86535 | ||
| 999 |
_c86535 _d86535 |
||